Héroes de la Revolución chilena

Saved in:
书目详细资料
主要作者: Cortés, José Domingo (Author)
格式: 图书
语言:西班牙语
出版: Santiago Imprenta de la Sociedad 1865
版:1a. ed
主题:
标签: 添加标签
没有标签, 成为第一个标记此记录!

MARC

LEADER 00000nam a2200000 a 4500
001 UCJ4273
003 CL-VaPUC
008 070124e18650000CL |||||||||||||||||spa|d
082 0 4 |a Ch861  |b COR  |2 21 
100 0 |a Cortés, José Domingo  |e author  |9 507624 
245 1 0 |a Héroes de la Revolución chilena 
250 |a 1a. ed 
300 |a 54 p 
942 |c BK 
945 |d 20070124 00:00:00  |a rinostro 
260 |a Santiago  |b Imprenta de la Sociedad  |c 1865 
500 |a Antología de poemas dedicados a O'Higgins, San Martin, Freire, etc. 
600 0 7 |a WALKER MARTINEZ, CARLOS  |2 CL-VaPUC  |9 438546 
600 0 |a Matta Goyenechea, Guillermo,  |d 1829-1899  |9 512817 
600 0 7 |a RODRIGUEZ VELASCO, LUIS  |2 CL-VaPUC  |9 506013 
600 0 |a Magallanes, Valentín,  |d 1831-1882  |9 506011 
600 0 7 |a VICUÑA SOLAR, BENJAMIN  |2 CL-VaPUC  |9 505040 
600 0 |a GALLO GOYENECHEA, PEDRO LEON  |9 516129 
600 0 7 |a SOLAR, HENRIQUE DEL  |2 CL-VaPUC  |9 507625 
600 0 |a Irisarri, Hermógenes de   |d 1819-1886  |9 506000 
600 0 7 |a SOFFIA, JOSE ANTONIO  |2 CL-VaPUC  |9 350479 
600 0 7 |a LUCA, ESTEBAN  |2 CL-VaPUC  |9 507626 
650 0 |a Poesía chilena   |9 268403 
650 0 |a Antología   |9 327336 
650 7 |a BIOGRAFIA  |2 CL-VaPUC  |9 504622 
650 7 |a PADRES DE LA PATRIA  |2 CL-VaPUC  |9 507627 
650 0 |a Homenajes  |9 258192 
583 |a last modification  |c 20070124 00:00:00  |k Rodrigo Vera 
999 |c 320390  |d 320388 
952 |0 0  |1 0  |4 0  |6 CH_861_000000000000000_COR_1865  |7 0  |8 X  |9 398903  |a FDOBUD  |b FDOBUD  |d 2019-11-22  |i 1016105  |o Ch861 COR 1865  |p 1016105  |r 2019-11-22  |w 2019-11-22  |y BK_X  |k BUD